=LDR 00000nam 2200000 4500 =001 INLIS000000000019982 =005 20210204103032 =035 ##$$a 0010-061300000019982 =008 210204###########################0#ind## =041 ##$$a ind =082 ##$$a 346.04 =090 ##$$a 346.04, Mul h =100 ##$$a Mulyadi, Kartini =245 1#$$a Hak-hak atas tanah, Kartini Mulyadi =260 ##$$a 2005 :$b Jakarta =300 ##$$a xiv, 320 hlm, 21 cm =650 #4$$a Hak Milik Atas Tanah =850 ##$$a NBPNMAT =990 ##$$a 21194847/BPAP-NTB/2014 =990 ##$$a 0001/BPAP-NTB/2016 =990 ##$$a 01201806541